000 00327nam a22001217a 4500
008 250107b |||||||| |||| 00| 0 eng d
050 _aBD5015
_b.J66
100 _aJONES, Russell
245 _aWages and Emplyment Policy: 1936-1985
260 _aLondon
_bAllen & Unwin Publishers Ltd.
_c1987
300 _axvii, 175p.
942 _cBK
999 _c1886
_d1886